النقل البحري : (رقم التسجيلة. 69681)
[ عرض عادي ]
| 000 -LEADER | |
|---|---|
| fixed length control field | 00533nam a22001697a 4500 |
| 005 - DATE AND TIME OF LATEST TRANSACTION | |
| control field | 20251108172053.0 |
| 008 - FIXED-LENGTH DATA ELEMENTS--GENERAL INFORMATION | |
| fixed length control field | 250721s1985 xx 000 0 ara d |
| 082 14 - DEWEY DECIMAL CLASSIFICATION NUMBER | |
| Classification number | 387.5/سعد |
| 100 1# - MAIN ENTRY--PERSONAL NAME | |
| Personal name | غالب، سعدي علي |
| 245 10 - TITLE STATEMENT | |
| Title | النقل البحري : |
| Remainder of title | دراسة في جغرافية النقل / |
| 264 1# - PRODUCTION, PUBLICATION, DISTRIBUTION, MANUFACTURE, AND COPYRIGHT NOTICE | |
| Place of production, publication, distribution, manufacture | بغداد : |
| Name of producer, publisher, distributor, manufacturer | وزارة التعليم العالي، |
| Date of production, publication, distribution, manufacture, or copyright notice | 1985. |
| 300 ## - PHYSICAL DESCRIPTION | |
| Extent | 204ص |
| 650 17 - SUBJECT ADDED ENTRY--TOPICAL TERM | |
| Topical term or geographic name as entry element | النقل البحري |
| 650 17 - SUBJECT ADDED ENTRY--TOPICAL TERM | |
| Topical term or geographic name as entry element | التجارة الخارجية |
| 942 ## - ADDED ENTRY ELEMENTS (KOHA) | |
| Source of classification or shelving scheme | Dewey Decimal Classification |
| Koha item type | كتب |
| حالة السحب | حالة الفقدان | مصدر التصنيف | حالة التلف | غير قابل للإعارة | المكتبة الرئيسية | المكتبة الحالية | موقع الرف | تاريخ التزويد | الرقم المتسلسل | Total Checkouts | رقم الإستدعاء | الباركود | تاريخ آخر ظهور | تاريخ الفاتورة | نوع المادة (كوها) |
|---|---|---|---|---|---|---|---|---|---|---|---|---|---|---|---|
| Dewey Decimal Classification | مكتبة النصر العامة | مكتبة النصر العامة | الإعارة | 25/04/2015 | [3460]0 | 387.5/سعد | PLD00321298 | 28/07/2025 | 25/04/2015 | كتب |